Nutrition health review

Detalles Bibliográficos
Formato: Electrónico Revista
Lenguaje:inglés
Publicado: Philadelphia : Vegetus Publications
Materias:
Acceso en línea:Full text available from Research Library: 01/01/1998 to 01/31/2015

MARC

LEADER 00000nas a2200000 a 4500
001 ssj0001423
003 WaSeSS
005 20200512172242.0
006 m d
007 cr n
008 980723c19769999pauqr pss 0 a0eng c
010 |a  2001215075 
022 |a 1535-5411  |l 0164-7202  |y 0164-7202 
035 |a (WaSeSS)ssj0001423 
037 |b Nutrition Health Review, 171 Madison Ave., New York, NY 10016 
040 |a FQM  |b eng  |e pn  |c FQM  |d AAA  |d NSD  |d OCL  |d OCLCQ  |d OHI  |d OCLCQ  |d OCLCF  |d OCLCO  |d OCLCQ  |d OCLCO  |d OCLCQ  |d OCLCO  |d BUF  |d VT2  |d MUX  |d HTM  |d UAB  |d LND  |d WT2  |d DKU  |d FXR  |d AUD  |d WaSeSS 
042 |a nsdp  |a pcc 
082 1 0 |a 613  |2 13 
210 0 |a Nutr. health rev.  |b (Online) 
222 0 |a Nutrition health review  |b (Online) 
245 0 0 |a Nutrition health review  |h [electronic resource]. 
260 |a Philadelphia :  |b Vegetus Publications 
310 |a Quarterly 
362 1 |a Began in 1976. 
500 |a "The Consumer's Medical Journal." 
506 |a License restrictions may limit access. 
538 |a Mode of access: World Wide Web. 
588 |a Description based on: Jan. 1998; title from journal information screen. 
650 0 |a Nutrition  |v Periodicals. 
650 0 |a Health  |v Periodicals. 
650 7 |a Health.  |2 fast  |0 (OCoLC)fst00952743 
650 7 |a Nutrition.  |2 fast  |0 (OCoLC)fst01042187 
650 2 |a Nutrition  |v Periodicals. 
650 2 |a Health  |v Periodicals. 
653 0 |a Health 
655 0 |a Electronic journals. 
776 0 8 |i Print version:  |t Nutrition health review  |x 0164-7202  |w (DLC)sn 78006649  |w (OCoLC)4403738 
856 4 0 |z Full text available from Research Library: 01/01/1998 to 01/31/2015  |u https://search.proquest.com/publication/4574